| 000 | 00420nam a2200169Ia 4500 | ||
|---|---|---|---|
| 008 | 121105t2005 xxu||||| |||| 00| 0 sin d | ||
| 041 | _asin | ||
| 080 |
_aX8S1 _bMUN |
||
| 100 | _aKumarathunga Munidasa | ||
| 245 | _aළමා ගී | ||
| 246 | _aLama Gee | ||
| 260 |
_bM.D.Gunasena Samagama _aColombo 11 _c2005 |
||
| 300 | _b44p., 21 cm | ||
| 942 | _cBK | ||
| 999 |
_c77223 _d77223 |
||
| 003 | LK-CoDNM | ||
| 040 |
_aLK-CoDNM _dLK-CoDNM _eLK-CoDNM |
||